000 00735nam a22002177a 4500
003 OSt
005 20260421020206.0
008 250704b |||||||| |||| 00| 0 eng d
020 _a9781496327628
040 _aDWCL - Main lib
_cOC
082 _aCirc. 610.73 T583f 2016
100 _aTimby, Barbara Kuhn
245 _aFundamental nursing skills and concepts/
_cBarbara Kuhn Timby
250 _aEleventh edition.
260 _aPhiladelphia :
_bWolters Kluwer Health,
_cc2016.
300 _axviii, 969 pages :
_b illustrations (color) ;
_c28 cm.
504 _aIncludes bibliographical references and index.
650 _a1. Nursing care.
650 _a2. Nursing process.
942 _2ddc
_cBK-CIRC
_eEleventh edition.
_kCirc.
_n0
999 _c3406
_d3406